| 000 | 00980nam a2200325 a 4500 | ||
|---|---|---|---|
| 999 |
_c5188 _d5188 |
||
| 001 | 012128859 | ||
| 003 | ALUPE UNIVERSITY | ||
| 005 | 20220405075815.0 | ||
| 008 | 960516s1996 enkak 001 0 eng d | ||
| 015 | _aGB 96-40203 | ||
| 020 | _a0750615974 | ||
| 035 | _aBNB issue 2404 | ||
| 040 | _cALUPE UNIVERSITY | ||
| 050 |
_aRT84.5 _b.P43 1996 |
||
| 082 |
_a610.73 _220 |
||
| 092 | _aD0504361038 | ||
| 100 | 1 |
_aPearson, Alan, _d1948- |
|
| 245 | 1 | 0 |
_aNursing models for practice / _cAlan Pearson, Barbara Vaughan, Mary FitzGerald |
| 250 | _a2nd ed | ||
| 260 |
_aOxford : _bButterworth-Heinemann, _cc1996. |
||
| 300 |
_a250 p. : _bill., forms ; _c25 cm |
||
| 500 | _aPrevious ed.: 1986 | ||
| 504 | _aIncludes bibliography (p. 236-243) and index | ||
| 650 | 0 | _aNursing models | |
| 650 | 0 |
_aNursing _xPhilosophy |
|
| 700 | 1 |
_aVaughan, Barbara, _d1944- |
|
| 700 | 1 | _aFitzGerald, Mary. | |
| 942 |
_2lcc _cBK _nCM |
||